guess the pokemon by the types (Gen 6 and fully evolved) - Statistics

General Stats
  • This quiz has been taken 13 times
  • The average score is 10 of 18
Answer Stats
Hint Answer % Correct
water-dark greninja
100%
flying-fighting hawlucha
89%
fire-flying talonflame
89%
steel-ghost aegislash
78%
ice Avalugg
67%
poison-dragon dragalge
67%
dragon goodra
67%
grass-ghost trevenant
67%
rock-water barbaracle
56%
dark-flying yveltal
56%
normal-ground diggersby
44%
electric-normal heliolisk
44%
psychic-dark malamar
44%
bug-flying vivillion
44%
ground-dragon zygarde
44%
fighting-dark pangoro
33%
fairy slurpuff
33%
ghost-grass gourgiest
11%
No matching quizzes found
Score Distribution
Percent of People with Each Score
Percentile by Number Answered
Your Score History
You have not taken this quiz